000 00726nam a2200241Ia 4500
003 OSt
005 20220928115414.0
006 a|||||r|||| 00| 0
007 ta
008 220927b |||||||| |||| 00| 0 eng d
024 _a67943
037 _cTextual
040 _aSDCL
_cSDCL
_beng
041 _2eng
_aeng
082 _aO-:g(P), P5
100 _aWoolf Judith
_9444097
245 0 _aWriting about literature
_b Essay and translation skills for university students of english and foreign literature
260 _aLondon
_bRoutledge
_c2005
300 _axi,172p
_ccm.
650 _aEnglish Literature-Linguistics
_9444098
942 _hO-:g(P), P5
_cTEXL
_2CC
999 _c759222
_d759222